MARC details
| 000 -LEADER |
| fixed length control field |
02737cam a2200469 i 4500 |
| 001 - CONTROL NUMBER |
| control field |
20854139 |
| 003 - CONTROL NUMBER IDENTIFIER |
| control field |
EG-ScBUE |
| 005 - DATE AND TIME OF LATEST TRANSACTION |
| control field |
20210808092940.0 |
| 006 - FIXED-LENGTH DATA ELEMENTS--ADDITIONAL MATERIAL CHARACTERISTICS--GENERAL INFORMATION |
| fixed length control field |
m |o d | |
| 007 - PHYSICAL DESCRIPTION FIXED FIELD--GENERAL INFORMATION |
| fixed length control field |
cr_||||||||||| |
| 008 - FIXED-LENGTH DATA ELEMENTS--GENERAL INFORMATION |
| fixed length control field |
190214s2019 enk fob 001 0 eng d |
| 020 ## - INTERNATIONAL STANDARD BOOK NUMBER |
| International Standard Book Number |
9780429060021 (ebk) |
| 040 ## - CATALOGING SOURCE |
| Original cataloging agency |
DLC |
| Language of cataloging |
eng |
| Description conventions |
rda |
| Transcribing agency |
DLC |
| Modifying agency |
DLC |
| -- |
EG-ScBUE |
| 043 ## - GEOGRAPHIC AREA CODE |
| Geographic area code |
e------ |
| 082 04 - DEWEY DECIMAL CLASSIFICATION NUMBER |
| Classification number |
343.24099 |
| Item number |
CIN |
| Edition number |
22 |
| 100 1# - MAIN ENTRY--PERSONAL NAME |
| Personal name |
Cintra Guimarães, Guilherme, |
| Relator term |
author. |
| 245 10 - TITLE STATEMENT |
| Title |
Global technology and legal theory : |
| Remainder of title |
transnational constitutionalism Google and the European Union |
| Medium |
[electronic resourse] / |
| Statement of responsibility, etc |
Guilherme Cintra Guimarães. |
| 264 #1 - PUBLICATION, DISTRIBUTION, ETC. (IMPRINT) |
| Place of publication, distribution, etc |
Abingdon, Oxon ; |
| -- |
New York, NY : |
| Name of publisher, distributor, etc |
Routledge, |
| Date of publication, distribution, etc |
2019. |
| 300 ## - PHYSICAL DESCRIPTION |
| Extent |
1 online resource. |
| 336 ## - CONTENT TYPE |
| Content type term |
text |
| Content type code |
txt |
| Source |
rdacontent |
| 337 ## - MEDIA TYPE |
| Media type term |
computer |
| Media type code |
c |
| Source |
rdamedia |
| 338 ## - CARRIER TYPE |
| Carrier type term |
online resource |
| Carrier type code |
cr |
| Source |
rdacarrier |
| 490 0# - SERIES STATEMENT |
| Series statement |
Routledge research in international commercial law |
| 500 ## - GENERAL NOTE |
| General note |
Based on author's thesis (doctoral - Università degli Studi Roma Tre, 2018), issued title: Transnational constitutional conflicts in cyberspace : Google and the European Union. |
| 504 ## - BIBLIOGRAPHY, ETC. NOTE |
| Bibliography, etc |
Includes bibliographical references and index. |
| 505 0# - FORMATTED CONTENTS NOTE |
| Formatted contents note |
Introduction -- Constitutionalism and world society -- The architecture of cyberspace -- Disrupting markets and tax basesome -- Privacy, social memory and global data flows -- Conclusion. |
| 588 ## - Source of Description Note |
| Source of description note |
Description based on print version record and CIP data provided by publisher. |
| 610 10 - SUBJECT ADDED ENTRY--CORPORATE NAME |
| Corporate name or jurisdiction name as entry element |
Google (Firm) |
| General subdivision |
Trials, litigation, etc. |
| 650 #7 - SUBJECT ADDED ENTRY--TOPICAL TERM |
| Topical term or geographic name as entry element |
Internet industry |
| General subdivision |
Law and legislation |
| Geographic subdivision |
European Union countries. |
| Source of heading or term |
BUEsh |
| 650 #7 - SUBJECT ADDED ENTRY--TOPICAL TERM |
| Topical term or geographic name as entry element |
Data protection |
| General subdivision |
Law and legislation |
| Geographic subdivision |
European Union countries. |
| Source of heading or term |
BUEsh |
| 650 #7 - SUBJECT ADDED ENTRY--TOPICAL TERM |
| Topical term or geographic name as entry element |
Information services |
| General subdivision |
Law and legislation |
| Geographic subdivision |
European Union countries. |
| Source of heading or term |
BUEsh |
| 650 #7 - SUBJECT ADDED ENTRY--TOPICAL TERM |
| Topical term or geographic name as entry element |
Information technology |
| General subdivision |
Law and legislation |
| Geographic subdivision |
European Union countries. |
| Source of heading or term |
BUEsh |
| 650 #7 - SUBJECT ADDED ENTRY--TOPICAL TERM |
| Topical term or geographic name as entry element |
Information services |
| General subdivision |
Taxation |
| -- |
Law and legislation |
| Geographic subdivision |
European Union countries. |
| Source of heading or term |
BUEsh |
| 650 #7 - SUBJECT ADDED ENTRY--TOPICAL TERM |
| Topical term or geographic name as entry element |
International and municipal law. |
| Source of heading or term |
BUEsh |
| 653 ## - INDEX TERM--UNCONTROLLED |
| Resource For college |
Law |
| Arrived date list |
August2021 |
| 655 ## - INDEX TERM--GENRE/FORM |
| Form subdivision |
Reading book |
| 9 (RLIN) |
34232 |
| 776 08 - ADDITIONAL PHYSICAL FORM ENTRY |
| Display text |
Print version: |
| Main entry heading |
Cintra Guimarães, Guilherme. |
| Title |
Global technology and legal theory transnational constitutionalism |
| Place, publisher, and date of publication |
Abingdon, Oxon ; New York, NY : Routledge, 2019 |
| International Standard Book Number |
9780367181956 |
| Record control number |
(DLC) 2019007121 |
| 856 40 - ELECTRONIC LOCATION AND ACCESS |
| Uniform Resource Identifier |
<a href="https://ezproxy.bue.edu.eg/login?url=http://search.ebscohost.com/login.aspx?direct=true&db=nlebk&AN=2141126&site=ehost-live&ebv=EB&ppid=pp_ii">https://ezproxy.bue.edu.eg/login?url=http://search.ebscohost.com/login.aspx?direct=true&db=nlebk&AN=2141126&site=ehost-live&ebv=EB&ppid=pp_ii</a> |
| Link text |
https://ezproxy.bue.edu.eg/login?url=http://search.ebscohost.com/login.aspx?direct=true&db=nlebk&AN=2141126&site=ehost-live&ebv=EB&ppid=pp_ii |
| 906 ## - LOCAL DATA ELEMENT F, LDF (RLIN) |
| a |
7 |
| b |
cbc |
| c |
origcop |
| d |
1 |
| e |
ecip |
| f |
20 |
| g |
y-gencatlg |
| 942 ## - ADDED ENTRY ELEMENTS (KOHA) |
| Source of classification or shelving scheme |
Dewey Decimal Classification |
| Koha item type |
Book - Borrowing |